Welcome to CU Library Online Public Access Catalogue (OPAC)

Advanced calculus of several variables / (Record no. 8498)

MARC details
000 -LEADER
fixed length control field 00797pam a2200229 a 4500
001 - CONTROL NUMBER
control field 1597223
005 - DATE AND TIME OF LATEST TRANSACTION
control field 20251202163845.0
008 - FIXED-LENGTH DATA ELEMENTS--GENERAL INFORMATION
fixed length control field 941003r19941973nyua b 001 0 eng
020 ## - INTERNATIONAL STANDARD BOOK NUMBER
International Standard Book Number 0486683362
Qualifying information pbk.
020 ## - INTERNATIONAL STANDARD BOOK NUMBER
International Standard Book Number 9780486683362
Qualifying information (pbk.)
050 00 - LIBRARY OF CONGRESS CALL NUMBER
Classification number QA303
Item number .E22 1994
082 00 - DEWEY DECIMAL CLASSIFICATION NUMBER
Classification number 515/.84
Edition information 20
100 1# - MAIN ENTRY--PERSONAL NAME
Personal name Edwards, C. Henry
Fuller form of name (Charles Henry),
Dates associated with a name 1937-
245 10 - TITLE STATEMENT
Title Advanced calculus of several variables /
Statement of responsibility, etc. C.H. Edwards, Jr.
260 ## - PUBLICATION, DISTRIBUTION, ETC.
Place of publication, distribution, etc. New York :
Name of publisher, distributor, etc. Dover Publications,
Date of publication, distribution, etc. 1994.
300 ## - PHYSICAL DESCRIPTION
Extent x, 457 p. :
Other physical details ill. ;
Dimensions 24 cm.
440 #0 - SERIES STATEMENT/ADDED ENTRY--TITLE
Title Dover books on advanced mathematics
500 ## - GENERAL NOTE
General note Originally published: New York : Academic Press, 1973.
650 #0 - SUBJECT ADDED ENTRY--TOPICAL TERM
Topical term or geographic name entry element Calculus.
856 42 - ELECTRONIC LOCATION AND ACCESS
Materials specified Publisher description
Uniform Resource Identifier <a href="http://www.loc.gov/catdir/description/dover032/94024204.html">http://www.loc.gov/catdir/description/dover032/94024204.html</a>
942 ## - ADDED ENTRY ELEMENTS (KOHA)
Source of classification or shelving scheme Library of Congress Classification
Koha item type Books
Suppress in OPAC No
999 ## -
-- 8498
-- 8498
Holdings
Withdrawn status Lost status Source of classification or shelving scheme Damaged status Not for loan Collection Home library Current library Shelving location Date acquired Total checkouts Full call number Barcode Date last seen Copy number Price effective from Koha item type
    Library of Congress Classification     Non-fiction Science Library (Miotso) Science Library (Miotso) General stacks 12/02/2025   QA303 .E22 EDW SLM00006530 12/02/2025 1 12/02/2025 Books
© 2023-2024 Copyright: Central University Libraries. All Rights Reserved | Created by: Mahone Tech Office